| 000 | 00547nam a2200181 a 4500 | ||
|---|---|---|---|
| 001 | 000017254 | ||
| 005 | 20240412074246.0 | ||
| 008 | 100322s1957 dr 000 j spa d | ||
| 040 |
_aDO-SdBNP _bspa _cBNPHU |
||
| 082 |
_aRD863.4 _bC292s |
||
| 100 | 1 |
_aCaro, Néstor, _d1917- _927997 |
|
| 245 | 1 | 0 |
_aSándalo : _bcuentos / _cNéstor Caro. |
| 260 |
_aCiudad Trujillo, República Dominicana : _bEditora del Caribe, _c1957. |
||
| 300 |
_a90 p. ; _c17 cm. |
||
| 650 | 0 |
_aCuentos dominicanos _9176 |
|
| 650 | 0 |
_aLiteratura dominicana. _967 |
|
| 049 | _aBNPD | ||
| 999 |
_c16779 _d16779 |
||